00547nam a22001697a 450000500170000001000150001702000260003203500140005803700130007208200140008510000240009924500760012326000420019927000730024130000220031450000410033620190204120738.0 aENG-124662 a9788193812242c595.00 aEN-108194 bDBAD/PUB a954.04092 aKrishna Kumar Singh aDeendayal Upadhyaya:cby Krishna Kumar Singhbman, mission and message/ aNew Delhi bAtharv Publicationsc2018 a110,1st Floor,Gali No.4,Harphool Vihar,Bapraula,bNew Delhi e110043 a205p. c21cm.(Hb) aIts includes bibliography and index.